<?xml version="1.0" encoding="UTF-8"?><?xml-stylesheet type="text/xsl" href="static/style.xsl"?><OAI-PMH xmlns="http://www.openarchives.org/OAI/2.0/" xmlns:xsi="http://www.w3.org/2001/XMLSchema-instance" xsi:schemaLocation="http://www.openarchives.org/OAI/2.0/ http://www.openarchives.org/OAI/2.0/OAI-PMH.xsd"><responseDate>2026-04-14T05:16:37Z</responseDate><request verb="GetRecord" identifier="oai:www.recercat.cat:2117/369180" metadataPrefix="marc">https://recercat.cat/oai/request</request><GetRecord><record><header><identifier>oai:recercat.cat:2117/369180</identifier><datestamp>2025-07-22T20:19:34Z</datestamp><setSpec>com_2072_1033</setSpec><setSpec>col_2072_452951</setSpec></header><metadata><record xmlns="http://www.loc.gov/MARC21/slim" xmlns:dcterms="http://purl.org/dc/terms/" xmlns:xsi="http://www.w3.org/2001/XMLSchema-instance" xmlns:doc="http://www.lyncode.com/xoai" xsi:schemaLocation="http://www.loc.gov/MARC21/slim http://www.loc.gov/standards/marcxml/schema/MARC21slim.xsd">
   <leader>00925njm 22002777a 4500</leader>
   <datafield ind2=" " ind1=" " tag="042">
      <subfield code="a">dc</subfield>
   </datafield>
   <datafield ind2=" " ind1=" " tag="720">
      <subfield code="a">Rendón Vélez, Simón</subfield>
      <subfield code="e">author</subfield>
   </datafield>
   <datafield ind2=" " ind1=" " tag="260">
      <subfield code="c">2021-09-16</subfield>
   </datafield>
   <datafield ind2=" " ind1=" " tag="520">
      <subfield code="a">Measurement of electromagnetic interference has been performed in the past by EMI receivers operating in the frequency domain. Particularly, to measure discontinuous disturbances (clicks), an EMI receiver connected to a disturbance analyzer is needed. The EMI receiver is used to measure the interference in a particular frequency. At the output of the intermediate frequency, the analyzer is connected for the clicks' evaluation. The measurement is repeated at four frequencies. This disturbance analysis can take up to 16 hours for the click evaluation of one device under test. Measurements of electromagnetic interference in the time-domain allow reducing the scan time in comparison to EMI receivers. In this MSc project, a full-time domain EMI measurement system covering the frequency range 150 kHz - 30 MHz is proposed to measure emissions according to CISPR 16-1-1, and perform the discontinuous disturbance analysis as described by UNE 55014.</subfield>
   </datafield>
   <datafield tag="653" ind2=" " ind1=" ">
      <subfield code="a">Àrees temàtiques de la UPC::Enginyeria electrònica</subfield>
   </datafield>
   <datafield tag="653" ind2=" " ind1=" ">
      <subfield code="a">Electromagnetic interference</subfield>
   </datafield>
   <datafield tag="653" ind2=" " ind1=" ">
      <subfield code="a">EMC</subfield>
   </datafield>
   <datafield tag="653" ind2=" " ind1=" ">
      <subfield code="a">discontinuous disturbances</subfield>
   </datafield>
   <datafield tag="653" ind2=" " ind1=" ">
      <subfield code="a">conducted emissions</subfield>
   </datafield>
   <datafield tag="653" ind2=" " ind1=" ">
      <subfield code="a">Interferència electromagnètica</subfield>
   </datafield>
   <datafield ind2="0" ind1="0" tag="245">
      <subfield code="a">Discontinuous tests for EMC disturbances in the time domain</subfield>
   </datafield>
</record></metadata></record></GetRecord></OAI-PMH>